Hauptstädte mit weniger als 6 Buchstaben - Statistiken

Allgemein
  • Dieses Quiz wurde 68 mal gespielt
    55 seit der letzten Aktualisierung
  • Das Durchschnittsergebnis liegt bei 23 aus 40
Antwortstatistiken
Hint Antwort % Korrekt
23 Paris
89%
36 Tokio
87%
24 Prag
84%
30 Rom
84%
22 Oslo
82%
4 Athen
78%
15 Kairo
78%
7 Bern
76%
18 Lima
76%
28 Riga
76%
39 Wien
76%
38 Vaduz
71%
27 Rabat
69%
12 Hanoi
62%
29 Riad
62%
32 Seoul
62%
21 Minsk
60%
37 Tunis
60%
33 Sofia
58%
3 Amman
56%
10 Dili
56%
11 Doha
56%
8 Dakar
53%
9 Dhaka
53%
20 Male
53%
2 Accra
51%
26 Quito
51%
1 Abuja
49%
6 Baku
49%
31 Sanaa
49%
16 Kyjiw
47%
19 Lomé
47%
17 La Paz
40%
34 Sucre
40%
35 Suva
38%
13 Juba
33%
14 Kabul
33%
5 Apia
29%
25 Praia
29%
40 Yaren
27%
Keine übereinstimmenden Quizze gefunden
Verteilung der Resultate
Anzahl Personen mit jedem Resultat
Perzentil nach korrekt beantworteten Fragen
Ihre Resultats-Entwicklung
Sie haben dieses Quiz seit der letzten Aktualisierung nicht gespielt